000 00330 a2200157 4500
001 12605
020 _a9788573404074
040 _cAnchieta - Aquarius
100 _aValvassori, Maureen M.
240 1 0 _aNo parque
_lpor
245 1 0 _aNo parque
300 _a24
362 0 _a2005
650 4 _aLiteratura infantil
942 _cBK
999 _c12605
_d12605